План проведения наступательной операции войск Южного фронта в период с 10 по 23 ноября 1941 г.

RUSMARC
00004699cbm0a2200301#x 450
001cc648b5d-63f7-45fe-991e-27cd27f6d814
00520230216121034.0
100##$a20230216j19411113k###0rusy50 ca
1010#$arus
102##$aRU
1220#$ad19411113##
2001#$aПлан проведения наступательной операции войск Южного фронта в период с 10 по 23 ноября 1941 г.
$j13 ноября 1941 г.
251##$cДокумент
300##$aЗаверенная копия
461#0$12001
$aФ. 228
$1251
$cФонд
$1852
$j228
462#0$12001
$aОп. 701
$1251
$cОпись
$1852
$j701
462#0$12001
$aД. 833
$vЛ. 177-183
$1251
$cДело
$1852
$j833
60102$2nlr_sh
$3RU\NLR\AUTH\661535823
$aЮжный фронт
$c1941 - 1942
$jДокументы и материалы
605##$2prlib_sh
$3LIBNET\UAF\0000088514
$aВторая мировая война в архивных документах (Комплекс оцифрованных архивных документов, кино- и фотоматериалов)
$lколлекция
6061#$2nlr_sh
$3RU\NLR\AUTH\661398676
$aВеликая Отечественная война
$z1941 - 1945
$xПервый период
$jДокументы и материалы
6061#$2nlr_sh
$3RU\NLR\AUTH\661466290
$aРостовская наступательная операция
$z1941
$jДокументы и материалы
686##$a63.3(2)622,11ю11
$vLBC/M
$2rubbk
686##$a63.3(2Рос-4Рос)622,11ю11
$vLBC/M
$2rubbk
801#0$aRU
$bПБ им. Б.Н. Ельцина
$c20230216
801#1$aRU
$bПБ им. Б.Н. Ельцина
$c20230216
$2rusmarc
801#2$aRU
$bПБ им. Б.Н. Ельцина
$c20230216
$2rusmarc
850##$aЦентральный архив Министерства обороны Российской Федерации
852##$aЦА МО РФ
$jЛ. 177-183
035##$aLIBNET\0001310347
937##$d183313202
$hФедеральное архивное агентство
8564#$uhttp://readingroom.main.prlib.ru/item.aspx?id_node=n183313202&mode=full
Формат отображения